000
00208nam a22001097a 4500
041
_a
eng
080
_a
80
100
_a
Nelson, P., Bangs, L.
245
_a
Rod Stewart.
650
_a
Biography
999
_c
278847
_d
278847
942
_c
BK